1773 1952 1954 1614 1832 1555 1059 1128 1811 1340 1446 1910 1330 1865 1508 1056 1926 1590 1085 1196 1912 1133 1065 1421 1733 1578 1319 1039 1501 1554 1461 1290 1617 1264 1084 1619 1212 1967 1014 1154 1148 1927 1220 1117 1870 1731 1281 1717 1901 1600 1443 1981 1972 1934 1335 1735 1821 1952 1626 1763 1740 1827 1514 1919 1525 1399 1738 1623 1327 1697 1644 1145 1091 1506 1165 1214 1764 1926 1585 1693 1364 1077 1472 1812 1256 1461 1940 1365 1704 1750 1140 1774 1005 1181 1545 1700 1967 1010 1477 BCNSPRNW ULIB Ver.6.0+V

เปลี่ยนเป็นภาษาไทย

Change to English
 แสดงรายละเอียดบรรณานุกรม
  กลับหน้าหลัก

Brief Record : Get Marc (ISO 2709) : E-mail record : QR code < ปิดหน้าต่าง
LEADER : 00000nam 2200000uu 4500
001    13399113629
003     ULIB
008    111128s2552||||th 000 0 tha d
020    ^a9786110600255
090    ^aนว.^bL111K 2552
100 0  ^aเตี่ยนซิน
245 00 ^aดวงใจบ่มรัก/^cเตี่ยนซิน
250    ^aพิมพ์ครั้งที่ 1
260    ^aกรุงเทพฯ :^bแจ่มใส,^c2552
300    ^a209 หน้า
700 0  พวงหยก ;^eแปล
710 1  ^aแจ่มใส
945    ^p149^l0^i16427
995    ^aทศพร
999    ^aใช้งานได้ทุกระบบ
รายการนี้ยังไม่มีแท็ก
คุณยังไม่ได้ล็อกอิน คุณสามารถมีกิจกรรมร่วมกับเว็บไซต์ได้ แต่ต้องล็อกอินก่อน ::
  ล็อกอิน

รายการสื่อสารสนเทศ

ลำดับที่ ประเภท เลขเรียก/บาร์โค้ด สถานที่ สถานะ
1. นวนิยาย
นวนิยาย
นว. L111K 2552 ฉ.1 
  Barcode: 16427
ห้องสมุดวิทยาเขตสวรรค์ประชารักษ์
►นวนิยาย
บนชั้น
  ขอยืม

รายการใกล้เคียง
    ผู้แต่ง [เตี่ยนซิน]

BibComment


ยังไม่เคยถูกคอมเมนท์

คอมเมนท์ทรัพยากรรายการนี้
  คอมเมนท์: ดวงใจบ่มรัก เตี่..


 Copyright 2026. Bcnsprnw @Library